Normal view
MARC view
- تأليف بيير، برنارد دي سان ؛ ترجمة المنفلوطي،مصطفى لطفي
Entry Personal Name
001 - CONTROL NUMBER
- control field: 39249
003 - CONTROL NUMBER IDENTIFIER
- control field: JO-AjAnu
005 - DATE AND TIME OF LATEST TRANSACTION
- control field: 20230606080529.0
008 - FIXED-LENGTH DATA ELEMENTS
- fixed length control field: 230606|| aca||aabn | a|a d
040 ## - CATALOGING SOURCE
- Original cataloging agency: JO-AjAnu
- Transcribing agency: JO-AjAnu
100 ## - HEADING--PERSONAL NAME
- Personal name: تأليف بيير، برنارد دي سان ؛ ترجمة المنفلوطي،مصطفى لطفي
670 ## - SOURCE DATA FOUND
- Source citation: Work cat.: (JO-AjAnu)20129: تأليف بيير، برنارد دي سان ؛ ترجمة المنفلوطي،مصطفى لطفي , author, الفضيلة أو بول وفرجيني للكاتب الفرنسي برنارد دي سان بيير